00646 2200217 4500001002100000005001500021035002000036007000300056008004100059020002200100082001000122084001600132100003100148245008000179250000600259260003600265300004700301700003400348650002900382990001700411INLIS00000000000114520260507095348 a0010-0923000130ta260507 j 0 ind  a978-602-8798-45-7 a2x2.6 a2x2.6 ANN m0 aAnna Fauziah ( Pengarang )1 aMiracles of Quran :bHistory /cAnna Fauziah ; Editor , Helfi Ghulam Faizi a- aJakarta :bPustaka Lebah,c2013 a39 :bilus. ;gambar berwarna ;c28.5 cme-1 aHelfi Ghulam Faizi ( Editor ) 4aIslam - cerita anak anak a00062/R/2014